00246nam a2200097Ia 4500008004100000041001200041100000800053245007500061260000600136650000600142221030s9999 xx 000 0 und d aEnglish aBPB 0aUpto Date Linear ICS Data & Comparision Tables A99....UPC 4741cby BPB c0 aB